[Event "TUR-chT 2nd League"]
[Site "Konya"]
[Date "2022.08.25"]
[Round "5.10"]
[White "Karahan, Anil"]
[Black "Akman, Ozgur"]
[Result "1-0"]
[WhiteElo "1787"]
[BlackElo "1966"]
[PlyCount "90"]
[EventDate "2022.08.22"]
[EventType "team-swiss"]
[EventRounds "9"]
[EventCountry "TUR"]
[SourceTitle "CBM 210 Extra"]
[Source "ChessBase"]
[SourceDate "2022.11.30"]
[SourceVersion "1"]
[SourceVersionDate "2022.11.30"]
[SourceQuality "1"]
[WhiteTeam "Duzce AS"]
[BlackTeam "Afyonkarahisar Basari"]
[WhiteTeamCountry "TUR"]
[BlackTeamCountry "TUR"]

1. Nf3 Nf6 2. c4 e6 3. b3 d5 4. Bb2 c5 5. e3 Nc6 6. d3 Bd6 7. Nbd2 0-0 8. Be2 Re8 9. 0-0 b6 10. cxd5 Nxd5 11. Nc4 Bc7 12. a3 e5 13. Rc1 Bb7 14. Qc2 Qd7 15. Rfd1 Rac8 16. Qb1 f6 17. Bf1 Rcd8 18. Ncd2 Bb8 19. Ne4 Qe6 20. Ng3 Kh8 21. Re1 Nde7 22. d4 Bd6 23. Bc4 Qd7 24. dxe5 Nxe5 25. Nxe5 Bxe5 26. Bxe5 fxe5 27. Rcd1 Qg4 28. f3 Qg5 29. Ne4 Qg6 30. Bd3 Qh6 31. Nf2 Nd5 32. Ng4 Qh4 33. Qa1 Qe7 34. Be4 h5 35. Nf2 Nf6 36. Rxd8 Rxd8 37. Bxb7 Qxb7 38. Qxe5 Qa6 39. Qb2 Qa5 40. b4 Qb5 41. e4 a5 42. e5 Nd5 43. e6 Nf6 44. e7 Re8 45. Qe5 axb4 1-0

[Event "TUR-chT Clubs"]
[Site "Konya"]
[Date "2019.07.17"]
[Round "3.12"]
[White "Karahan, Anil"]
[Black "Kanza, Fazil"]
[Result "1-0"]
[WhiteElo "1889"]
[BlackElo "1462"]
[PlyCount "88"]
[EventDate "2019.07.16"]
[EventType "team-swiss"]
[EventRounds "9"]
[EventCountry "TUR"]
[SourceTitle "CBM 191 Extra"]
[Source "ChessBase"]
[SourceDate "2019.09.30"]
[SourceVersion "1"]
[SourceVersionDate "2019.09.30"]
[SourceQuality "1"]
[WhiteTeam "Artvin Il Ozel"]
[BlackTeam "Bolu Dernegi"]
[WhiteTeamCountry "TUR"]
[BlackTeamCountry "TUR"]

1. d4 d5 2. c4 e6 3. Nc3 Nf6 4. Bg5 c6 5. Nf3 Be7 6. e3 b6 7. Bd3 Ba6 8. Ne5 dxc4 9. Nxc4 Nd5 10. Bxe7 Qxe7 11. 0-0 0-0 12. Re1 Nd7 13. e4 Nf4 14. Bf1 Qg5 15. Qf3 Rad8 16. Qg3 Qh6 17. e5 f5 18. b4 Nh5 19. Qf3 Nb8 20. b5 Bb7 21. Nd6 Ba8 22. Bc4 Nf4 23. Ne2 Nd5 24. Bxd5 cxd5 25. Rac1 Rd7 26. Rc2 g5 27. Rec1 Qg7 28. Rc8 Rdd8 29. Rxd8 Rxd8 30. Qc3 a6 31. a4 axb5 32. axb5 h5 33. Qc7 Qxc7 34. Rxc7 Nd7 35. Nc3 Kg7 36. Na2 Kg6 37. Nb4 g4 38. Ra7 Nc5 39. dxc5 bxc5 40. Nc6 Rf8 41. Ne7+ Kg5 42. Ndc8 d4 43. Rxa8 d3 44. Kf1 Kf4 1-0

[Event "TUR-chT2"]
[Site "Konya"]
[Date "2016.07.21"]
[Round "7.11"]
[White "Karahan, Anil"]
[Black "Bekiragaoglu, Umut"]
[Result "0-1"]
[WhiteElo "1739"]
[BlackElo "1674"]
[PlyCount "65"]
[EventDate "2016.07.17"]
[EventType "team-swiss"]
[EventRounds "9"]
[EventCountry "TUR"]
[SourceTitle "CBM 173 Extra"]
[Source "ChessBase"]
[SourceDate "2016.08.29"]
[SourceVersion "1"]
[SourceVersionDate "2016.08.29"]
[SourceQuality "1"]
[WhiteTeam "Denizli Pamukkale Yonetimi"]
[BlackTeam "Antalya Calli"]
[WhiteTeamCountry "TUR"]
[BlackTeamCountry "TUR"]

1. d4 Nf6 2. c4 e5 3. dxe5 Ng4 4. Bf4 g5 5. Bg3 Bg7 6. Nf3 Nc6 7. Nc3 Ngxe5 8. Nxe5 Nxe5 9. e3 h5 10. h3 h4 11. Bh2 0-0 12. Be2 d6 13. c5 dxc5 14. Qxd8 Rxd8 15. Ne4 Bf5 16. Nxg5 Bf6 17. 0-0 Nd3 18. Nf3 Nxb2 19. Bxc7 Re8 20. Rac1 b6 21. Bb5 Re7 22. Bd6 Re6 23. Bd7 Rxd6 24. Bxf5 Rad8 25. Rb1 Nc4 26. Rfc1 Nd2 27. Nxd2 Rxd2 28. a4 Re2 29. Bc2 c4 30. Rb4 c3 31. Rf4 Kg7 32. Rg4+ Kf8 33. Rf4 0-1

[Event "TUR-chT2"]
[Site "Konya"]
[Date "2016.07.20"]
[Round "6.9"]
[White "Baylav, Can"]
[Black "Karahan, Anil"]
[Result "1-0"]
[WhiteElo "1843"]
[BlackElo "1739"]
[PlyCount "45"]
[EventDate "2016.07.17"]
[EventType "team-swiss"]
[EventRounds "9"]
[EventCountry "TUR"]
[SourceTitle "CBM 173 Extra"]
[Source "ChessBase"]
[SourceDate "2016.08.29"]
[SourceVersion "1"]
[SourceVersionDate "2016.08.29"]
[SourceQuality "1"]
[WhiteTeam "Mersin Ezgi"]
[BlackTeam "Denizli Pamukkale Yonetimi"]
[WhiteTeamCountry "TUR"]
[BlackTeamCountry "TUR"]

1. d4 Nf6 2. c4 g6 3. Nc3 Bg7 4. e4 d6 5. Be2 0-0 6. Nf3 e5 7. Be3 Nc6 8. d5 Ne7 9. 0-0 Ng4 10. Bg5 h6 11. Bd2 f5 12. Ne1 Nf6 13. f3 f4 14. Nd3 g5 15. c5 Rf7 16. Rc1 Bf8 17. cxd6 cxd6 18. Nb5 Qb6+ 19. Nf2 a6 20. Nc7 Rb8 21. Kh1 h5 22. Nd3 Rg7 23. Be1 1-0

[Event "TUR-chT2"]
[Site "Konya"]
[Date "2016.07.18"]
[Round "2.9"]
[White "Kesgin, Halit Kaan"]
[Black "Karahan, Anil"]
[Result "1-0"]
[WhiteElo "2027"]
[BlackElo "1739"]
[PlyCount "36"]
[EventDate "2016.07.17"]
[EventType "team-swiss"]
[EventRounds "9"]
[EventCountry "TUR"]
[SourceTitle "CBM 173 Extra"]
[Source "ChessBase"]
[SourceDate "2016.08.29"]
[SourceVersion "1"]
[SourceVersionDate "2016.08.29"]
[SourceQuality "1"]
[WhiteTeam "Izmir Karsiyaka"]
[BlackTeam "Denizli Pamukkale Yonetimi"]
[WhiteTeamCountry "TUR"]
[BlackTeamCountry "TUR"]

1. e4 e6 2. d4 d5 3. Nd2 Nf6 4. e5 Nfd7 5. Bd3 c5 6. c3 Nc6 7. Ne2 cxd4 8. cxd4 f6 9. exf6 Nxf6 10. 0-0 Bd6 11. Nf3 Qc7 12. Bg5 0-0 13. Qc2 h6 14. Bh4 Nh5 15. Bh7+ Kh8 16. Bg6 Rxf3 17. Bxh5 Bxh2+ 18. Kh1 Rf5 1-0

[Event "TUR-chT2"]
[Site "Konya"]
[Date "2016.07.17"]
[Round "1.9"]
[White "Karahan, Anil"]
[Black "Samani, Yamac"]
[Result "1/2-1/2"]
[WhiteElo "1739"]
[BlackElo "2083"]
[PlyCount "64"]
[EventDate "2016.07.17"]
[EventType "team-swiss"]
[EventRounds "9"]
[EventCountry "TUR"]
[SourceTitle "CBM 173 Extra"]
[Source "ChessBase"]
[SourceDate "2016.08.29"]
[SourceVersion "1"]
[SourceVersionDate "2016.08.29"]
[SourceQuality "1"]
[WhiteTeam "Denizli Pamukkale Yonetimi"]
[BlackTeam "Bitlis Tatvan Egitimi"]
[WhiteTeamCountry "TUR"]
[BlackTeamCountry "TUR"]

1. d4 Nf6 2. c4 e6 3. Nc3 Bb4 4. f3 c5 5. a3 Bxc3+ 6. bxc3 Nc6 7. e3 0-0 8. Bd3 b6 9. Ne2 d6 10. 0-0 Ba6 11. e4 Nd7 12. Be3 Na5 13. Qa4 Rc8 14. Rac1 Qe7 15. Rfd1 Rfd8 16. Bf2 Nf8 17. e5 dxe5 18. dxc5 Qc7 19. cxb6 axb6 20. Rb1 Rd6 21. Bxh7+ Nxh7 22. Bxb6 Qxb6+ 23. Rxb6 Rcc6 24. Rxc6 Nxc6 25. Ng3 Bc8 26. Ne4 Rd7 27. c5 Ne7 28. Qb3 Nf6 29. Nd6 Ne8 30. Qb8 Nxd6 31. cxd6 Nc6 32. Qa8 Kh7 1/2-1/2

[Event "Manavgat Turkey Cup"]
[Site "Manavgat"]
[Date "2016.01.31"]
[Round "2"]
[White "Karahan, Anil"]
[Black "Oz, Mesut"]
[Result "1-0"]
[WhiteElo "1711"]
[BlackElo "1349"]
[PlyCount "71"]
[EventDate "2016.01.30"]
[EventType "swiss"]
[EventRounds "11"]
[EventCountry "TUR"]
[SourceTitle "CBM 170 Extra"]
[Source "ChessBase"]
[SourceDate "2016.02.25"]
[SourceVersion "1"]
[SourceVersionDate "2016.02.25"]
[SourceQuality "1"]

1. d4 Nf6 2. c4 g6 3. Nc3 Bg7 4. e4 d6 5. f3 0-0 6. Bg5 c6 7. Qd2 a6 8. a4 Nbd7 9. Bd3 e5 10. Nge2 exd4 11. Nxd4 Ne5 12. 0-0 Qa5 13. Be3 Re8 14. Rfd1 Qc7 15. Bf1 Be6 16. Nxe6 Rxe6 17. a5 c5 18. Nd5 Nxd5 19. cxd5 Ree8 20. b4 Nxf3+ 21. gxf3 Bxa1 22. Rxa1 cxb4 23. Qxb4 Qe7 24. Rb1 Reb8 25. Bg2 Rc8 26. Bf4 Rd8 27. Qd2 Rac8 28. Rb6 Rc5 29. Be3 Rb5 30. Rxb5 axb5 31. Bh3 Ra8 32. Bd4 f6 33. Qh6 Qg7 34. Qxg7+ Kxg7 35. Bc3 Kf7 36. Bd7 1-0

[Event "Manavgat Turkey Cup"]
[Site "Manavgat"]
[Date "2015.02.06"]
[Round "10"]
[White "Micoogullari, Lara"]
[Black "Karahan, Anil"]
[Result "0-1"]
[WhiteElo "1625"]
[BlackElo "1669"]
[PlyCount "83"]
[EventDate "2015.01.31"]
[EventType "swiss"]
[EventRounds "11"]
[EventCountry "TUR"]
[SourceTitle "CBM 164 Extra"]
[Source "ChessBase"]
[SourceDate "2015.03.02"]
[SourceVersion "1"]
[SourceVersionDate "2015.03.02"]
[SourceQuality "1"]

1. Nf3 Nf6 2. g3 g6 3. b3 Bg7 4. Bb2 c5 5. c4 0-0 6. Bg2 Nc6 7. 0-0 Rb8 8. Nc3 a6 9. d4 d5 10. e3 Bf5 11. cxd5 Nxd5 12. Nxd5 Qxd5 13. Ne5 Qd6 14. e4 Be6 15. Nxc6 bxc6 16. e5 Qc7 17. Qe2 Rfd8 18. dxc5 Qa5 19. Qe3 Qb5 20. Rfd1 a5 21. Bc3 a4 22. bxa4 Qxa4 23. Rd4 Rxd4 24. Qxd4 Qxd4 25. Bxd4 Rd8 26. Bc3 Rd3 27. Rc1 Bd5 28. a4 Bh6 29. f4 g5 30. Bf1 Re3 31. a5 gxf4 32. Bd4 fxg3 33. Ra1 Re4 34. a6 Rxd4 35. hxg3 Be3+ 36. Kh2 Rd2+ 37. Kh3 Bxc5 38. a7 Be6+ 39. g4 Bxa7 40. Rxa7 Rd7 41. Ra8+ Kg7 42. Bg2 0-1

[Event "Manavgat Turkey Cup"]
[Site "Manavgat"]
[Date "2015.02.01"]
[Round "3"]
[White "Karahan, Anil"]
[Black "Bugdayci, Resul"]
[Result "1/2-1/2"]
[WhiteElo "1669"]
[BlackElo "1521"]
[PlyCount "62"]
[EventDate "2015.01.31"]
[EventType "swiss"]
[EventRounds "11"]
[EventCountry "TUR"]
[SourceTitle "CBM 164 Extra"]
[Source "ChessBase"]
[SourceDate "2015.03.02"]
[SourceVersion "1"]
[SourceVersionDate "2015.03.02"]
[SourceQuality "1"]

1. d4 d5 2. Nf3 g6 3. g3 Bg7 4. Bg2 Nf6 5. 0-0 0-0 6. c4 c6 7. Nc3 Re8 8. Bf4 Nbd7 9. cxd5 Nxd5 10. Nxd5 cxd5 11. Rc1 e5 12. dxe5 Nxe5 13. Nxe5 Bxe5 14. Bxe5 Rxe5 15. Qb3 Rxe2 16. Bxd5 Qf6 17. Rc7 Re7 18. Rfc1 Bh3 19. Rxb7 Rae8 20. Rxe7 Rxe7 21. Bf3 Qe5 22. Qb4 Qf6 23. Bg2 Re2 24. Qb8+ Kg7 25. Qxa7 Bxg2 26. Kxg2 Rxb2 27. a4 Qe5 28. a5 Qd5+ 29. Kg1 Rb5 30. Ra1 Qe5 31. Rd1 Rxa5 1/2-1/2